Ley de derechos de autor y derechos conexos y su reglamento (Registro nro. 4888)
[ vista simple ]
| 000 -Cabecera | |
|---|---|
| Campo de control de longitud fija | 00552aam a2200217 4500 |
| 005 - Fecha y hora de la última transacción | |
| Campo de control | 20241205163656.0 |
| 008 - Elementos de longitud fija--Información general | |
| Campo de control de longitud fija | 150421b2009 xxu||||| |||| 00| 0 spa d |
| 041 ## - Idioma | |
| Código de idioma | Español |
| 082 ## - Clasificación Decimal Dewey | |
| Número de clasificación | 346.048.2 C8374L |
| 100 ## - Entrada principal--Autor personal | |
| Nombre personal | Costa Rica, Leyes, decretos, etc. |
| 245 ## - Título propiamente dicho | |
| Título | Ley de derechos de autor y derechos conexos y su reglamento |
| 260 ## - Pie de imprenta | |
| Lugar de publicación, distribución, etc. | Costa Rica |
| 260 ## - Pie de imprenta | |
| Nombre del editor, distribuidor, etc. | IJSA |
| 260 ## - Pie de imprenta | |
| Fecha de publicación, distribución, etc. | 2009 |
| 300 ## - Descripción física | |
| Extensión | 95 páginas |
| 650 ## - Materia general | |
| Temática (materia general) | COSTA RICA |
| 650 ## - Materia general | |
| Temática (materia general) | DERECHO DE AUTOR |
| 650 ## - Materia general | |
| Temática (materia general) | IMPRENTA |
| 650 ## - Materia general | |
| Temática (materia general) | LEY DE IMPRENTA |
| 942 ## - Punto de acceso adicional KOHA | |
| Tipo de ítem KOHA | Libro |
| Fuente del sistema de clasificación o colocación | Dewey Decimal Classification |
| Signatura completa | Código de barras | Tipo de ítem |
|---|---|---|
| 346.048.2 C8374L | 8388 | Libro |